Geografía de bahía blanca /
Guardado en:
| Autor Principal: | |
|---|---|
| Otros Autores: | , , , |
| Formato: | Libro |
| Publicado: |
Bahía Blanca :
Encestando,
1994
|
| Materias: | |
| Etiquetas: |
Agregar Etiqueta
Sin Etiquetas, Sea el primero en etiquetar este registro!
|
| LEADER | 00993nam a22002655a 4500 | ||
|---|---|---|---|
| 001 | CEM.cems018115 | ||
| 005 | 20131029104707.0 | ||
| 008 | 130507s1994##################000#0#####d | ||
| 003 | CEMS | ||
| 082 | 0 | 4 | |a FC918.21 |
| 100 | 1 | |a Brondolo, Margarita | |
| 245 | 1 | 0 | |a Geografía de bahía blanca / |c Margarita Brondolo ... [et Al.] |
| 260 | |a Bahía Blanca : |b Encestando, |c 1994 | ||
| 300 | |a 196 p. | ||
| 505 | 0 | |a El espacio geográfico -- Elementos nucleadores y barreras en la organización del especio geográfico -- Ciudad y medio rural -- Forma y dimensiones de la ciudad -- La población y las actividades -- Los barrios de la ciudad | |
| 653 | |a Bahía blanca | ||
| 653 | |a Bahía blanca-barrios | ||
| 653 | |a Bahía blanca-población | ||
| 653 | |a Espacio geográfico | ||
| 653 | |a Bahía blanca-ciudad | ||
| 700 | 1 | |a Campos, Marta | |
| 700 | 1 | |a Zinger, Susana | |
| 700 | 1 | |a Del Pozo, Olga | |
| 700 | 1 | |a Lorda, M. Amalia | |
| 859 | |a CEMS |b BIB. CEMS - Agricultura |h FC918.21 |i B788 |p A0052.44 |t Ej.1 | ||
